000 00265nam a22001097a 4500
041 _aENG
245 _aGround Water Investigation For Hydraulic Structures - Guidelines
260 _aNew Delhi
_bBIS
_c1996
300 _a05
650 _aBIS Code
856 _uBIS Code
999 _c2126
_d2126